Chargement en cours...

An introduction to the bio-mechanics of joints and joint replacement/

Détails bibliographiques
Auteur principal: Downson, D/Ed
Autres auteurs: Wright, V
Format: Printed Book
Langue:English
Publié: London Mechanical Engineering Publications Ltd 1981
LEADER 00559nam a2200157Ia 4500
008 160725s9999||||xx |||||||||||||| ||eng||
020 |a 852983840 
082 |a 612.75 
100 |a Downson, D/Ed 
245 3 |a An introduction to the bio-mechanics of joints and joint replacement/ 
260 |b Mechanical Engineering Publications Ltd  |a London 
260 |c 1981 
300 |a 253p. 
700 |a Wright, V 
999 |c 297932  |d 297932 
952 |0 0  |1 0  |4 0  |6 612_750000000000000  |7 0  |8 CPE  |9 338595  |a DPE  |b DPE  |c ST1  |d 2016-07-25  |g 4890.00  |i 1114  |l 0  |o 612.75  |p CPE1114  |r 2016-07-25  |w 2016-07-25  |y BK